000 01666cam a22003131ia4500
003 SA-RiAUC
005 20241211073710.0
008 241210s2008 su f b f00010 ara c
020 _a9789960025834
040 _aSA-MdTU
_bara
_cSA-RiAUC
_erda
050 4 _bQ28 2008
082 0 4 _a811.5
_qSA-RiAUC
090 _a811.5
_bق ث ا
100 1 _aالقثامي، سفير بن خلف بن متعب بن سعد
_eمؤلف.
245 1 0 _aشعر الدعوة الإسلامية في العصر العباسي الثالث (334 هـ. حتى 447 هـ.) :
_bجمع ما لم يجمع ودراسة نقدية /
_cسفير بن خلف بن متعب بن سعد القثامي.
250 _aالطبعة الأولى.
264 1 _aالمدينة المنورة :
_bالجامعة الإسلامية، عمادة البحث العلمي،
_c2008
300 _a3 مجلد ؛
_c24 سم.
336 _aنص
_btxt
_2rdacontent
_3كتاب
337 _aبدون وسيط
_bn
_2rdamedia
338 _aمجلد
_bnc
_2rdacarrier
490 1 _aإصدارات الجامعة الإسلامية (المدينة المنورة).
_aعمادة البحث العلمي ؛
_v103
504 _aيشتمل على ببليوجرافية.
650 7 _aالشعر العربي الديني
_xتاريخ ونقد
_yالعصر العباسي الثالث
_2aucsh
650 7 _aالشعر العربي
_xتاريخ ونقد
_yالعصر العباسي الثالث
_2aucsh
830 0 _aإصدارات الجامعة الإسلامية (المدينة المنورة).
_pعمادة البحث العلمي
_v103
942 _2ddc
_cBOOK
_n0
949 _aSA-JeALM
_d241210
_umohamedma123
_n1
999 _c3309
_d3309